Don Benito como paradigma de la vida musical en Extremadura / (Record no. 195726)

MARC details
000 -LEADER
campo de control de longitud fija 02030nam a2200445 i 4500
001 - NÚMERO DE CONTROL
campo de control 195726
003 - IDENTIFICADOR DE NÚMERO DE CONTROL
campo de control SpMaBN
005 - FECHA Y HORA DE LA ÚLTIMA TRANSACCIÓN
campo de control 20250823095923.0
008 - DATOS DE LONGITUD FIJA--INFORMACIÓN GENERAL
campo de control de longitud fija 241214s2016 sp a o000 0 spa
017 ## - NÚMERO DE COPYRIGHT O DE DEPÓSITO LEGAL
Número de copyright o de depósito legal TF 1-2016
Agencia que asigna Oficina Depósito Legal Tenerife
020 ## - NÚMERO INTERNACIONAL ESTÁNDAR DEL LIBRO
Número Internacional Estándar del Libro 9788416458356
Información calificativa v. 1
020 ## - NÚMERO INTERNACIONAL ESTÁNDAR DEL LIBRO
Número Internacional Estándar del Libro 9788416458363
Información calificativa v. 2
035 ## - NÚMERO DE CONTROL DEL SISTEMA
Número de control de sistema (OCoLC)962135489
035 ## - NÚMERO DE CONTROL DEL SISTEMA
Número de control de sistema a5862275
040 ## - FUENTE DE CATALOGACIÓN
Centro catalogador/agencia de origen SpMaBN
Lengua de catalogación spa
Centro/agencia transcriptor SpMaBN
Normas de descripción rdc
Centro/agencia modificador ES-MaACL
080 ## - NÚMERO DE LA CLASIFICACIÓN DECIMAL UNIVERSAL
Número de la Clasificación Decimal Universal 78.035/.036(460.253 Don Benito)
080 ## - NÚMERO DE LA CLASIFICACIÓN DECIMAL UNIVERSAL
Número de la Clasificación Decimal Universal 78:37(460.253 Don Benito)
100 ## - ENTRADA PRINCIPAL--NOMBRE DE PERSONA
Nombre de persona Colomo, Carmen
Número de control del registro de autoridad o número normalizado XX992698
9 (RLIN) 237396
Término indicativo de función/relación Autor
245 10 - MENCIÓN DEL TÍTULO
Título Don Benito como paradigma de la vida musical en Extremadura /
Mención de responsabilidad, etc. Carmen Colomo Amador ; prólogo de Francisco Manuel Parejo Moruno y Miguel del Barco Gallego.
260 ## - PUBLICACIÓN, DISTRIBUCIÓN, ETC.
Lugar de publicación, distribución, etc. La Laguna, Tenerife :
Nombre del editor, distribuidor, etc. Sociedad Latina de Comunicación Social,
Fecha de publicación, distribución, etc. 2016.
300 ## - DESCRIPCIÓN FÍSICA
Extensión 2 v. (295 p, 139 p.) :
Otras características físicas il., mús. ;
Dimensiones 21 cm.
336 ## - TIPO DE CONTENIDO
Término de tipo de contenido Texto (visual)
Fuente isbdcontent
337 ## - TIPO DE MEDIO
Nombre/término del tipo de medio sin mediación
Fuente isbdmedia
338 ## - TIPO DE SOPORTE
Fuente rdacarrier
Nombre/término del tipo de soporte volumen
490 1# - MENCIÓN DE SERIE
Mención de serie Cuadernos de Bellas Artes ;
Designación de volumen o secuencia 53
Mención de serie Colección Música
504 ## - NOTA DE BIBLIOGRAFÍA, ETC.
Nota de bibliografía, etc. Incluye referencias bibliográficas.
650 #0 - PUNTO DE ACCESO ADICIONAL DE MATERIA--TÉRMINO DE MATERIA
Término de materia o nombre geográfico como elemento de entrada Música-
Subdivisión geográfica Don Benito
9 (RLIN) 237397
650 #0 - PUNTO DE ACCESO ADICIONAL DE MATERIA--TÉRMINO DE MATERIA
Término de materia o nombre geográfico como elemento de entrada Música-
Subdivisión general Estudio y enseñanza-
Subdivisión geográfica Don Benito
9 (RLIN) 237398
700 ## - ENTRADA AGREGADA--NOMBRE PERSONAL
Nombre de persona Parejo Moruno, Francisco Manuel
Término indicativo de función/relación Autor de introducción
9 (RLIN) 239372
700 ## - ENTRADA AGREGADA--NOMBRE PERSONAL
Nombre de persona Barco Gallego, Miguel del
Término indicativo de función/relación Autor de introducción
9 (RLIN) 239374
830 #0 - PUNTO DE ACCESO ADICIONAL DE SERIE-TÍTULO UNIFORME
Título uniforme Cuadernos de bellas artes
9 (RLIN) 239378
852 ## - LOCALIZACIÓN
Ubicación ES-MaACL
Sublocalización o colección R.152518
Ubicación en estantería Depósito J
Número de control de estantería N-8732
Donativo/Legado Donación: Ayuntamiento de Don Benito
Encuadernación Encuadernación rústica con solapas
itemnumber 204485
Designación de la unidad física V.I
852 ## - LOCALIZACIÓN
Ubicación ES-MaACL
Sublocalización o colección R.152518
Ubicación en estantería Depósito J
Número de control de estantería N-9078
Donativo/Legado Donación: Ayuntamiento de Don Benito
Encuadernación Encuadernación rústica con solapas
itemnumber 204486
Designación de la unidad física V.II
914 ## - NOMBRE ENTIDAD DE DONANTE
RLIN 172938
Nombre de congreso/reunión o jurisdicción como elemento de entrada Don Benito.
Unidad subordinada Donante
942 ## - ELEMENTOS DE ENTRADA SECUNDARIOS (KOHA)
Tipo de ítem Koha Libro impreso
Suprimir en OPAC No
954 ## - CATALOGADOR -ALTA REGISTRO
Estado de la copia Tatiana Alejandra de Castro Pérez
Holdings
Estatus retirado Estado de pérdida Fuente del sistema de clasificación o colocación Especificación de materiales (volumen encuadernado u otra parte) Estado de daño No para préstamo Biblioteca de origen Biblioteca actual Ubicación en estantería Fecha de adquisición Fuente de adquisición Total de préstamos Signatura topográfica completa Código de barras Visto por última vez Precio de reemplazo Tipo de ítem Koha
    Clasificación decimal universal v.I     Biblioteca del Ateneo de Madrid Biblioteca del Ateneo de Madrid Depósito J 14/12/2024 Donación   N-8732 101229289 14/12/2024 14/12/2024 Libro impreso
    Clasificación decimal universal v.II     Biblioteca del Ateneo de Madrid Biblioteca del Ateneo de Madrid Depósito J 14/12/2024 Donación   N-9078 101229290 14/12/2024 14/12/2024 Libro impreso